000
00266nam a22001097a 4500
008
170120b xxu||||| |||| 00| 0 eng d
020
_a
9781608316144
041
_a
eng
080
_a
618.2
245
_a
NURSING 2011 DRUG GUIDE HANDBOOK
_c
BURGHARDT, CH
942
_2
udc
_c
BK
999
_c
3286
_d
3286